175 modelos de carpintería
Saved in:
| Hovedforfatter: | |
|---|---|
| Format: | Bog |
| Sprog: | spansk |
| Udgivet: |
Barcelona
Ceac
1992
|
| Udgivelse: | 2a. ed |
| Fag: | |
| Tags: |
Tilføj Tag
Ingen Tags, Vær først til at tagge denne postø!
|
MARC
| LEADER | 00000nam a2200000 a 4500 | ||
|---|---|---|---|
| 001 | UCS3910 | ||
| 003 | CL-VaPUC | ||
| 005 | 20250102124818.0 | ||
| 008 | 970718e19920000SP |||||||||||||||||spa|d | ||
| 999 | |c 261375 |d 261373 | ||
| 040 | |c Pontificia Universidad Católica de Valparaíso | ||
| 082 | 0 | 4 | |a 694.6 |b ROD |2 21 |
| 100 | 0 | |a Rodríguez Hernández, Anselmo |e author |9 390077 | |
| 245 | 1 | 0 | |a 175 modelos de carpintería |
| 250 | |a 2a. ed | ||
| 260 | |a Barcelona |b Ceac |c 1992 | ||
| 300 | |a 180 p | ||
| 583 | |a last modification |c 19970718 00:00:00 |k Rodrigo Vera | ||
| 650 | 0 | |a Carpintería |9 310391 | |
| 942 | |c BK |2 ddc | ||
| 945 | |d 19970718 00:00:00 |a amoreno | ||
| 952 | |0 0 |1 0 |4 0 |6 694_600000000000000_ROD_1992 |7 0 |8 A |9 288768 |a BIBARQ |b BIBARQ |d 2019-11-19 |i 333435K |o 694.6 ROD 1992 |p 333435K |r 2025-01-20 |w 2019-11-19 |y BK |k ARQ | ||